<?xml version="1.0" encoding="UTF-8"?>
<record
    xmlns:xsi="http://www.w3.org/2001/XMLSchema-instance"
    xsi:schemaLocation="http://www.loc.gov/MARC21/slim http://www.loc.gov/standards/marcxml/schema/MARC21slim.xsd"
    xmlns="http://www.loc.gov/MARC21/slim">

  <leader>00689nam a22001817a 4500</leader>
  <controlfield tag="005">20231204102332.0</controlfield>
  <controlfield tag="008">231204b        |||||||| |||| 00| 0 eng d</controlfield>
  <datafield tag="020" ind1=" " ind2=" ">
    <subfield code="a">9786030190584</subfield>
  </datafield>
  <datafield tag="040" ind1=" " ind2=" ">
    <subfield code="c">.</subfield>
  </datafield>
  <datafield tag="082" ind1=" " ind2=" ">
    <subfield code="2">1&#x637;</subfield>
    <subfield code="a">951,06 789M 2015</subfield>
  </datafield>
  <datafield tag="100" ind1=" " ind2=" ">
    <subfield code="a">&#x627;&#x644;&#x645;&#x646;&#x635;&#x648;&#x628; &#x60C; &#x645;&#x62D;&#x645;&#x62F; &#x627;&#x62D;&#x645;&#x62F; &#x633;&#x639;&#x62F;</subfield>
  </datafield>
  <datafield tag="245" ind1=" " ind2=" ">
    <subfield code="a">&#x627;&#x644;&#x635;&#x64A;&#x646;:</subfield>
    <subfield code="b">/ &#x627;&#x644;&#x642;&#x635;&#x629; &#x627;&#x644;&#x643;&#x627;&#x645;&#x644;&#x629; &#x644;&#x644;&#x642;&#x648;&#x627;&#x62A; &#x627;&#x644;&#x639;&#x627;&#x644;&#x645;&#x64A;&#x629; &#x627;&#x644;&#x635;&#x627;&#x639;&#x62F;&#x629;</subfield>
    <subfield code="c">&#x645;&#x62D;&#x645;&#x62F; &#x627;&#x62D;&#x645;&#x62F; &#x633;&#x639;&#x62F; &#x627;&#x644;&#x645;&#x646;&#x635;&#x648;&#x628;</subfield>
  </datafield>
  <datafield tag="250" ind1=" " ind2=" ">
    <subfield code="a">1&#x637;</subfield>
  </datafield>
  <datafield tag="260" ind1=" " ind2=" ">
    <subfield code="a">&#x627;&#x644;&#x631;&#x64A;&#x627;&#x636;</subfield>
    <subfield code="b">&#x627;&#x644;&#x645;&#x624;&#x644;&#x641;</subfield>
    <subfield code="c">2015</subfield>
  </datafield>
  <datafield tag="300" ind1=" " ind2=" ">
    <subfield code="a">384&#x635;</subfield>
    <subfield code="c">15&#x633;&#x645;</subfield>
  </datafield>
  <datafield tag="650" ind1=" " ind2=" ">
    <subfield code="z">&#x627;&#x644;&#x635;&#x64A;&#x646;-&#x62A;&#x627;&#x631;&#x64A;&#x62E;-&#x627;&#x644;&#x639;&#x635;&#x631; &#x627;&#x644;&#x62D;&#x62F;&#x64A;&#x62B; / &#x627;&#x644;&#x635;&#x64A;&#x646;-&#x627;&#x644;&#x627;&#x62D;&#x648;&#x627;&#x644; &#x627;&#x644;&#x627;&#x642;&#x62A;&#x635;&#x627;&#x62F;&#x64A;&#x629; - &#x627;&#x644;&#x639;&#x635;&#x631; &#x627;&#x644;&#x62D;&#x62F;&#x64A;&#x62B;</subfield>
  </datafield>
  <datafield tag="942" ind1=" " ind2=" ">
    <subfield code="2">ddc</subfield>
    <subfield code="c">BK-AR</subfield>
    <subfield code="n">0</subfield>
  </datafield>
  <datafield tag="999" ind1=" " ind2=" ">
    <subfield code="c">6337</subfield>
    <subfield code="d">6337</subfield>
  </datafield>
  <datafield tag="952" ind1=" " ind2=" ">
    <subfield code="0">0</subfield>
    <subfield code="1">0</subfield>
    <subfield code="2">ddc</subfield>
    <subfield code="4">0</subfield>
    <subfield code="7">0</subfield>
    <subfield code="a">CENTRAL</subfield>
    <subfield code="b">CENTRAL</subfield>
    <subfield code="d">2023-12-13</subfield>
    <subfield code="l">0</subfield>
    <subfield code="o"> 951,06 789M 2015</subfield>
    <subfield code="p">1000000018908</subfield>
    <subfield code="r">2023-12-13 09:53:08</subfield>
    <subfield code="t">C1</subfield>
    <subfield code="w">2023-12-13</subfield>
    <subfield code="y">BK-AR</subfield>
  </datafield>
</record>
